| 000 | 01929nam0a2200349 4500 | ||
|---|---|---|---|
| 001 | RU\NLR\bibl\1050363 | ||
| 005 | 20250615033833.0 | ||
| 010 |
_a5-900025-39-X _9500 |
||
| 021 |
_aRU _b2006-88632 _94489 |
||
| 021 |
_aRU _b2007-37328 _91991 |
||
| 035 | _a(NLR Aleph) 001037684 | ||
| 090 |
_a798759 _c798759 |
||
| 100 | _a20070222d2006 |||y0rusy50 ca | ||
| 101 | 0 | _arus | |
| 102 | _aRU | ||
| 105 | _ay ||||||||| | ||
| 200 | 1 |
_aМетодическое пособие для участников Всероссийской научной конференции молодых исследователей "Шаг в будущее" по секции истории _fЖигальцова Л.В., Хитров Д.А. _gотв. ред. - проф. В.И. Моряков _gМоск. гос. техн. ун-т им. Н.Э. Баумана, Моск. гос. ун-т им. М.В. Ломоносова, Ист. фак. |
|
| 210 |
_aМосква _cНТА АПФН _d2006 |
||
| 215 |
_a45 с. _d21 |
||
| 225 | 1 | _aПрофессионал | |
| 300 | _aНа 2-й с. обл. авт.: Жигальцова Лариса Владиславовна - к.ист.н., Хитров Дмитрий Алексеевич - к.ист.н. | ||
| 320 | _aБиблиогр.: с. 43-44 и в подстроч. примеч. | ||
| 607 |
_aРоссия _jМетодические пособия _xИстория _xНаучно-исследовательская работа учащихся _92216337 _3RU\NLR\auth\661331113 |
||
| 686 | _aЧ426.32-268я8 | ||
| 686 | _aЧ486.32-268я8 | ||
| 700 | 1 |
_4070 _7ca _8rus _aЖигальцова _bЛ. В. _gЛариса Владиславовна _9180973 _3RU\NLR\AUTH\770181024 |
|
| 701 | 1 |
_4070 _7ca _8rus _aХитров _bД. А. _gДмитрий Алексеевич _9179543 _3RU\NLR\AUTH\770179594 |
|
| 801 | 0 |
_aRU _bNLR _c20070222 _gRCR |
|
| 801 | 1 |
_aRU _bNLR _c20070222 |
|
| 942 | _cBOOK | ||
| 980 | _aNB | ||